Puck obra bien / (Registro nro. 8672)

Detalles MARC
000 -LIDER
fixed length control field 00764nam a22002897a 4500
001 - NÚMERO DE CONTROL
Identificador de número de control 0116
003 - IDENTIFICACDOR DE NÚMERO DE CONTROL
control field DO-SdBNP
005 - DATE AND TIME OF LATEST TRANSACTION
control field 20151112143538.0
007 - CAMPOS FIJOS DE DESCRIPCIÓN FÍSICA
fixed length control field 0116
008 - ELEMENTOS DE LONGITUD FIJA
fixed length control field 151005b1984 sp 00| 0 spa d
020 ## - ISBN
International Standard Book Number 8431001585
040 ## - FUENTE DE CATALOGACIÓN
Agencia que crea de manera original el registro BPMSU
Idioma de catalogación spa
Agencia que realiza la transcripción BPMSU
092 ## - LOCALLY ASSIGNED DEWEY DECIMAL CALL NUMBER
Número de clasificación XXXX
Número de ítem (Cutter) XXXX
100 1# - ASIENTO PRINCIPAL -- NOMBRE PERSONAL
Nombre personal Werner, Lisbeth
240 10 - TITULO UNIFORME
Título uniforme Puk har fart pa - Puk og leoparden /
245 13 - MENCIÓN DE TITULO
Título Puck obra bien /
Mención de responsabilidad Lisbeth Werner ; traducción Josefina Dalmau ; ilustraciones R. Cortiella
250 ## - MENCIÓN DE EDICION
Mención de edición 7a. ed.
260 ## - PUBLICACIÓN, DISTRIBUCIÓN, ETC. (PIE DE IMPRENTA)
Lugar de publicación, distribución, etc Barcelona :
Nombre del editor, distribuidor, etc. Toray,
Fecha de publicación, distribución, etc 1984.
300 ## - DESCRIPCIÓN FÍSICA
Extensión 144 p. :
Otros detalles físicos il.
Dimensiones 20 cm.
490 1# - MENCIÓN DE SERIES
Mención de serie Toray
Volume/sequential designation 5
700 12 - ASIENTO SECUNDARIO -- NOMBRE PERSONAL
Nombre personal Cortiella, R.
Mención de responsabilidad il.
700 12 - ASIENTO SECUNDARIO -- NOMBRE PERSONAL
Nombre personal Dalmau, Josefina
Mención de responsabilidad trad.
830 #0 - ASIENTO SECUNDARIO DE SERIE--TÍTULO UNIFORME
Título uniforme Toray
Número de la parte o sección de una obra 5
910 ## - VALIDACIÓN
Validación 202
942 ## - ADDED ENTRY ELEMENTS (KOHA)
Source of classification or shelving scheme Dewey Decimal Classification
Koha item type Libros
956 ## - LOCAL ELECTRONIC LOCATION AND ACCESS (OCLC)
Nombre de host Yngrid Lockward
Existencias
Withdrawn status Lost status Source of classification or shelving scheme Damaged status Not for loan Collection code Home library Current library Date acquired Source of acquisition Total Checkouts Barcode Date last seen Price effective from Koha item type
    Dewey Decimal Classification       Biblioteca Pública Metropolitana Salomé Ureña Biblioteca Pública Metropolitana Salomé Ureña 11/12/2015 Donación   BPMET15110222 11/12/2015 11/12/2015 Libros